Onesti, G., Klimt, C.R.: Hypertension. Determinants, complications and intervention

Bibliographic Details
Main Authors: Ondrejička, Mikuláš, 1910-1995 (Author), Onesti, G. (Author), Klimt, C.R (Author)
Format: Article
Language:Slovak
Subjects:

MARC

LEADER 00000nab a2200000 a 4500
001 vtls000059278
003 SK-MaSNL
005 20260304061502.0
008 250422c1980 xo 0 slo
015 |a SNBRB19rr/mm-uuuuu 
035 |a CL0069378 
035 |a urn:nbn:sk:snk-ab1lv 
035 |a (urnnbn)urn:nbn:sk:snk:ar-a03b9r 
035 |a (uuid)76305814-f32d-4a5f-89a9-b7cca30ce100 
040 |a SNKBUCL  |b slo  |c SNKBUCL  |e AACR2 
041 0 |a slo 
044 |a xo  |c SK 
080 |a 616.1  |2 1981 
100 1 |a Ondrejička, Mikuláš,  |d 1910-1995  |4 aut  |9 202736 
245 1 0 |a Onesti, G., Klimt, C.R.: Hypertension. Determinants, complications and intervention  |c Mikuláš Ondrejička ; G. Onesti, C.R. Klimt 
650 0 7 |a hypertenzia  |2 snkbucl  |9 2490 
655 7 |a články z novín a časopisov  |2 snkbucl  |9 267496 
700 1 |a Onesti, G.  |4 aut  |9 1345944 
700 1 |a Klimt, C.R.  |4 aut  |9 1345945 
773 0 |t Bratislavské lekárske listy  |g Roč. 73, č. 3 (1980), s. 387 
787 0 8 |i Rec.:  |a Onesti, G.  |t Hypertension. Determinants, complications and intervention  |d New York, San Francisco, London : Grune and Stratton, 1979 
850 |a Slovenská národná knižnica 
852 |a Slovenská národná knižnica 
954 |a odborná, vedecká literatúra pôvodná (slovenská)  |2 lita 
958 |a article27 
958 |a RK 
958 |a MI 
958 |a OND 
958 |a EUIPO 
992 |a RBX 
999 |c 2733265  |d 2735195